| 000 | 00472nam a2200205Ia 4500 | ||
|---|---|---|---|
| 008 | 210210b1912 xxu||||| |||| 00| 0 eng d | ||
| 041 | _aeng | ||
| 082 | _a335/182 | ||
| 100 | _aKEATINGE (G) | ||
| 245 | _aRural economy in the Bombay deccan | ||
| 260 |
_aNew York _bLongman Green & Co. _c1912 |
||
| 650 | _athe | ||
| 650 | _aRural | ||
| 650 | _ain | ||
| 650 | _aeconomy | ||
| 650 | _adeccan | ||
| 650 | _aBombay | ||
| 690 | _aIndian Economics | ||
| 906 | _a004524 | ||
| 999 |
_c125938 _d125938 |
||